Loading...
| History - European | 0 | 8 | 2 | 3 | 70 | 69 | 98.25 | 0 | 3 | 15.46 | 23.86 |
| History - American | 0 | 6 | 0 | 2 | 60 | 46 | 94.67 | 2 | 3 | 13.39 | 29.55 |
| Philosophy | 0 | 6 | 1 | 1 | 55 | 72 | 100.83 | 1 | 2 | 8.77 | 27.27 |
| Science - Biology | 0 | 5 | 2 | 3 | 40 | 88 | 104.40 | 0 | 1 | 3.43 | 11.36 |
| Religion | 0 | 4 | 0 | 2 | 40 | 71 | 95.50 | 0 | 1 | 4.62 | 12.50 |
| History - World | 0 | 4 | 1 | 1 | 35 | 104 | 118.50 | 0 | 0 | 4.52 | 12.50 |
| History - Other | 0 | 4 | 3 | 0 | 25 | 52 | 79.25 | 1 | 2 | 13.13 | 23.86 |
| Science - Physics | 0 | 3 | 1 | 0 | 25 | 63 | 81.67 | 1 | 1 | 7.40 | 18.18 |
| Other Academic | 0 | 2 | 0 | 1 | 20 | 69 | 102.00 | 1 | 1 | 13.84 | 33.33 |
| Social Science | 0 | 2 | 1 | 0 | 15 | 63 | 79.50 | 0 | 0 | 4.70 | 7.95 |
| Science - Chemistry | 0 | 2 | 1 | 1 | 15 | 92 | 107.00 | 0 | 1 | 2.24 | 6.82 |
| Literature - American | 0 | 1 | 0 | 0 | 10 | 125 | 125.00 | 0 | 0 | 1.61 | 1.14 |
| Literature - British | 0 | 1 | 0 | 1 | 10 | 152 | 152.00 | 0 | 0 | 0.00 | 1.14 |
| Mythology | 0 | 1 | 1 | 0 | 5 | 110 | 110.00 | 0 | 0 | 0.89 | 2.27 |
| Fine Arts - Other | 0 | 1 | 1 | 0 | 5 | 102 | 102.00 | 0 | 1 | 2.74 | 4.55 |
| Science - Other | 0 | 1 | 2 | 0 | 0 | 42 | 42.00 | 0 | 1 | 5.35 | 7.95 |
| Literature - World | 0 | 0 | 0 | 0 | 0 | 0.00 | 0 | 0 | 0.00 | 0.00 | |
| Fine Arts - Painting and Sculpture | 0 | 1 | 2 | 0 | 0 | 76 | 76.00 | 1 | 1 | 3.65 | 9.09 |